000 00616nam a22001817a 4500
999 _c176808
_d176808
005 20210127155230.0
010 _aENG-128856
020 _c150.00
_a978-81-7478-984-7
035 _aEN-112388
037 _bDBAD/PUB
082 _a650.144
100 _aBabu, C. Sylendra
245 _aPrinciples of Success in Interview/
_cby C. Sylendra Babu
260 _aChennai
_bSura College of Competition
_c2018
270 _bChennai
_e600040
_a1620, J Block, 16th Main Road, Anna Nagar
_k044-26162173, 261161099
_menquiry@surabooks.com
300 _ax+158p.
_c21cm(pbk)
942 _2ddc
_cEN
_h650.144
_mBAB